| 000 | 01023nas a2200301 4500 | ||
|---|---|---|---|
| 001 | BR2019000288 | ||
| 003 | BR-BrBNA | ||
| 005 | 20231205131553.0 | ||
| 007 | ta | ||
| 008 | 230509b bl.|||p| |||| 00| 00por d | ||
| 040 |
_aBR-BrBNA _bpor _cBiblioteca Nacional de Agricultura |
||
| 041 | _a(En) | ||
| 072 | _aF04 | ||
| 100 | 1 | _aOliveira, L.A. de | |
| 100 | 1 | _aSilva, E.C. da | |
| 100 | 1 | _aCarlos, L. de A. | |
| 100 | 1 | _aMaciel, G.M. | |
| 245 | 1 | _aPhosphate and potassium fertilization on agronomic and physico-chemical characteristics and bioactive compounds of eggplant | |
| 650 | _aBERINJELA | ||
| 650 | _aADUBAÇÃO | ||
| 650 | _aPOTÁSSIO | ||
| 650 | _aNUTRIENTE MINERAL | ||
| 650 | _aCOMPOSTO FENÓLICO | ||
| 773 | 0 |
_tRevista Brasileira de Engenharia Agrícola e Ambiental (Brazil) _xISSN 1807-1929 _g(Apr 2019), v. 23(4) p. 291-296 _wBR2019000288 |
|
| 856 | 4 | 0 | _uhttp://www.scielo.br/pdf/rbeaa/v23n4/1415-4366-rbeaa-23-04-0291.pdf |
| 909 |
_a202311 _bLúcia _c55 _dLúcia Elande |
||
| 942 |
_2AGRIS _n0 _cANA |
||
| 999 |
_c255507 _d255507 |
||